Teaching in further education an outline of principles and practice

Guardat en:
Dades bibliogràfiques
Autor principal: CURZON, L.B Tummons, Jonathan
Format: Llibre
Idioma:anglès
Publicat: Bloomsbury Academic 2013
Etiquetes: Afegir etiqueta
Sense etiquetes, Sigues el primer a etiquetar aquest registre!

MARC

LEADER 00000nam a22000007a 4500
008 210909b ||||| |||| 00| 0 eng d
020 |a 9781441130433 
100 |a CURZON, L.B  |a Tummons, Jonathan 
245 |a Teaching in further education  |b an outline of principles and practice  |c L.B Curzon and Jonathan Tummons  |g ix,471p;ill 
250 |b 7th 
260 |b Bloomsbury Academic  |c 2013  |h New York  |i 696880  |i 696881  |l LB1731.C93  |m Teachers-In-service training-Great Britain  |m Teaching - Great Britain  |m Professional education- Great Britain  |m Post secondary education-Great Britain 
500 |a it includes references and index 
942 |a lcc  |c BK  |e Johnson  |f 09/09/21 
952 |0 0  |1 0  |2 lcc  |4 0  |6 LB1731 C93  |7 0  |9 3520  |a ED  |b HOL  |c LP  |d 2021-09-09  |l 0  |o LB1731.C93  |p 2021-67250  |r 2021-09-09 00:00:00  |w 2021-09-09  |y BK 
952 |0 0  |1 0  |2 lcc  |4 0  |6 LB1731 C93  |7 0  |9 3521  |a HOL  |b HOL  |c LP  |d 2021-09-09  |l 0  |o LB1731.C93  |p 2021-67251  |r 2021-09-09 00:00:00  |w 2021-09-09  |y BK 
999 |c 1745  |d 1745